The materia medica of the nosodes : (Record no. 152835)

MARC details
000 -LEADER
fixed length control field 00661nam a22002177a 4500
003 - CONTROL NUMBER IDENTIFIER
control field dpl
005 - DATE AND TIME OF LATEST TRANSACTION
control field 20180619172649.0
008 - FIXED-LENGTH DATA ELEMENTS--GENERAL INFORMATION
fixed length control field 180619b xxu||||| |||| 00| 0 eng d
010 ## - LIBRARY OF CONGRESS CONTROL NUMBER
LC control number A-435848
020 ## - INTERNATIONAL STANDARD BOOK NUMBER
Terms of availability 35.00
035 ## - SYSTEM CONTROL NUMBER
System control number A-435848
037 ## - SOURCE OF ACQUISITION
Source of stock number/acquisition BPPD/PUB
040 ## - CATALOGING SOURCE
Transcribing agency 0
082 ## - DEWEY DECIMAL CLASSIFICATION NUMBER
Classification number 615.1
100 ## - MAIN ENTRY--PERSONAL NAME
Personal name Allen, H.C.
245 ## - TITLE STATEMENT
Title The materia medica of the nosodes :
Remainder of title with proving of the x-ray
Statement of responsibility, etc by H.C. Allen
260 ## - PUBLICATION, DISTRIBUTION, ETC. (IMPRINT)
Place of publication, distribution, etc New Delhi
Name of publisher, distributor, etc B. Jain Publishers (P) Ltd
Date of publication, distribution, etc 1990
270 ## - ADDRESS
Address 1921,Street no.10, chauhan mandi paharganj
City New Delhi
Postal code 110 092
300 ## - PHYSICAL DESCRIPTION
Extent vi.583 p.
Dimensions 21 cm ( Hb)
942 ## - ADDED ENTRY ELEMENTS (KOHA)
Institution code [OBSOLETE] dpl
Koha item type English Books
Call number prefix 615/ALL
Source of classification or shelving scheme Dewey Decimal Classification
Classification part 615
Call number suffix ALL
Holdings
Withdrawn status Lost status Source of classification or shelving scheme Damaged status Not for loan Collection code Home library Current library Date acquired Source of acquisition Cost, normal purchase price Total Checkouts Full call number Barcode Date last seen Cost, replacement price Price effective from Koha item type
    Dewey Decimal Classification     Non-fiction Shahdara Branch Shahdara Branch 19/06/2018 BPPD/PUB 35.00   615 ALL A-435848 19/06/2018 35.00 19/06/2018 English Books

© Delhi Public Library
Hit Counter
free hit counter